Teoría de las organizaciones / (Registro nro. 5010)
[ vista simple ]
| 000 -LEADER | |
|---|---|
| fixed length control field | 01851nam a22002657a 4500 |
| 003 - CONTROL NUMBER IDENTIFIER | |
| control field | PE SENCICO BE |
| 005 - DATE AND TIME OF LATEST TRANSACTION | |
| control field | 20251020182709.0 |
| 008 - FIXED-LENGTH DATA ELEMENTS--GENERAL INFORMATION | |
| fixed length control field | 241203b |||||||| |||| 00| 0 eng d |
| 020 ## - INTERNATIONAL STANDARD BOOK NUMBER | |
| International Standard Book Number | 978-607-17-1443-5 |
| 040 ## - CATALOGING SOURCE | |
| Original cataloging agency | PE SENCICO BE |
| Transcribing agency | PE SENCICO BE |
| 041 ## - LANGUAGE CODE | |
| Language code of text/sound track or separate title | spa |
| 082 ## - DEWEY DECIMAL CLASSIFICATION NUMBER | |
| Classification number | 658.402 |
| Item number | C29 |
| 100 1# - MAIN ENTRY--PERSONAL NAME | |
| 9 (RLIN) | 2727 |
| Personal name | Castillo Girón, Victor Manuel |
| Relator term | autor |
| 245 1# - TITLE STATEMENT | |
| Title | Teoría de las organizaciones / |
| Statement of responsibility, etc. | Víctor Manuel Castillo Girón |
| 250 ## - EDITION STATEMENT | |
| Edition statement | 1a ed. |
| 260 ## - PUBLICATION, DISTRIBUTION, ETC. | |
| Place of publication, distribution, etc. | México, D. F. : |
| Name of publisher, distributor, etc. | Trillas ; |
| Date of publication, distribution, etc. | 2013 |
| 300 ## - PHYSICAL DESCRIPTION | |
| Extent | 199 p. : |
| Other physical details | tabls. ; |
| Dimensions | 23 cm. |
| 505 0# - FORMATTED CONTENTS NOTE | |
| Formatted contents note | Las organizaciones: definición y dimensiones sustantivas -- Las aportaciones de Taylor -- Henry Fayol y la administración clásica -- La organización burocrática weberiana -- La escuela de las relaciones humanas -- La teoría de las disfunciones de la burocracia -- La teoría general de sistemas -- El enfoque de la contingencia -- La escuela del pensamiento estratégico: la planeación de la organización -- El enfoque de la toma de decisiones -- La teoría evolucionista: el enfoque basado en el aprendizaje organizacional -- La nueva economía institucional -- La teoría de la agencia -- La economía de costos de transacción -- El enfoque de la gobernación o del gobierno corporativo -- El enfoque de la acción colectiva o del capital social. |
| 520 3# - SUMMARY, ETC. | |
| Summary, etc. | El propósito de esta obra es ofrecer a los lectores los conocimientos básicos que le permitan describir, comprender y analizar los componentes fundamentales que caracterizan a una organización, a partir del análisis de los autores y enfoques teóricos mas relevantes en la teoría de la organización. |
| 650 10 - SUBJECT ADDED ENTRY--TOPICAL TERM | |
| 9 (RLIN) | 934 |
| Topical term or geographic name entry element | Comunicación organizacional |
| 650 20 - SUBJECT ADDED ENTRY--TOPICAL TERM | |
| 9 (RLIN) | 416 |
| Topical term or geographic name entry element | Administración de empresas |
| 650 20 - SUBJECT ADDED ENTRY--TOPICAL TERM | |
| 9 (RLIN) | 2316 |
| Topical term or geographic name entry element | Relaciones humanas (Trabajo) |
| 910 ## - USER-OPTION DATA (OCLC) | |
| User-option data | hfp |
| -- | hfp |
| -- | hfp |
| 942 ## - ADDED ENTRY ELEMENTS (KOHA) | |
| Source of classification or shelving scheme | Dewey Decimal Classification |
| Koha item type | Libros |
| Fecha de la última vez que lo usaron | Pago total | Signatura topográfica completa | Código de barras | Precio efectivo desde | Tipo de documento | Estado perdido | Sistema de clasificación | Estado dañado | No es para préstamo | Retirado | Ubicación permanente | Ubicación actual | Fecha de adquisición |
|---|---|---|---|---|---|---|---|---|---|---|---|---|---|
| 03/12/2024 | 658.402/C29 | BibLima24120005 | 03/12/2024 | Libros | Dewey Decimal Classification | Biblioteca Central Lima | Biblioteca Central Lima | 18/11/2024 |